| 000 | 00412nam a2200181Ia 4500 | ||
|---|---|---|---|
| 001 | 9042 | ||
| 005 | 20260306160654.0 | ||
| 008 | 260306t2008||||xx |||||||||||||| ||spa|| | ||
| 041 | _aESP | ||
| 082 |
_a372.4 _bC93P |
||
| 100 |
_aCuadro Moreno,Oswaldo _eAUT |
||
| 245 | 0 | _aLos hijos piden | |
| 260 | _c2008 | ||
| 300 |
_a130 páginas : _c20 cm. |
||
| 650 | _aGEN | ||
| 654 | _aCED | ||
| 942 |
_cLIB _dJUS _fJUS _2ddc _n |
||
| 999 |
_c9042 _d9042 |
||